[Event "NOR-chT Elite 2324"]
[Site "Norway"]
[Date "2024.03.10"]
[Round "9.55"]
[White "Lindbol, Aleksander"]
[Black "Skaar, Ben Samuel Groth"]
[Result "1-0"]
[WhiteElo "2230"]
[BlackElo "2032"]
[PlyCount "105"]
[EventDate "2023.10.27"]
[EventType "team-tourn"]
[EventRounds "9"]
[EventCountry "NOR"]
[SourceTitle "CB16_2024"]
[SourceDate "2024.04.17"]
[SourceVersion "1"]
[SourceVersionDate "2024.04.17"]
[SourceQuality "1"]
[WhiteTeam "Oslo SK 1911"]
[BlackTeam "Alta"]
[WhiteTeamCountry "NOR"]
[BlackTeamCountry "NOR"]

1. e4 c5 2. Nf3 Nc6 3. d4 cxd4 4. Nxd4 Nf6 5. Nc3 e5 6. Ndb5 d6 7. Bg5 a6 8. Na3 b5 9. Nd5 Be7 10. Bxf6 Bxf6 11. c4 b4 12. Nc2 0-0 13. Be2 a5 14. 0-0 g6 15. Qd3 Bg7 16. Rad1 Be6 17. Nde3 Qb6 18. Bg4 Rad8 19. b3 Ne7 20. Qe2 f5 21. Bh3 Qb7 22. exf5 Nxf5 23. Nxf5 gxf5 24. Ne3 Qf7 25. Nd5 Rc8 26. Rd2 Bh6 27. Ne3 Rfd8 28. Rfd1 Bf8 29. Qf3 f4 30. Bxe6 Qxe6 31. Qg4+ Qxg4 32. Nxg4 Be7 33. f3 Kf7 34. Rd5 a4 35. Nf2 axb3 36. axb3 Rc5 37. Rxc5 dxc5 38. Rxd8 Bxd8 39. g3 fxg3 40. hxg3 Kf6 41. Ne4+ Kf5 42. g4+ Kf4 43. Kf2 Be7 44. Ke2 h5 45. gxh5 Bf8 46. Kf2 Kf5 47. Kg3 Bh6 48. Nxc5 Be3 49. Ne4 Bf4+ 50. Kf2 Ke6 51. Ke2 Kd7 52. Kd3 Kc6 53. Nf6 1-0

[Event "NOR-chT Elite 2324"]
[Site "Norway"]
[Date "2024.02.03"]
[Round "5.35"]
[White "Johansson, Linus"]
[Black "Skaar, Ben Samuel Groth"]
[Result "1/2-1/2"]
[WhiteElo "2434"]
[BlackElo "1980"]
[PlyCount "75"]
[EventDate "2023.10.27"]
[EventType "team-tourn"]
[EventRounds "9"]
[EventCountry "NOR"]
[SourceTitle "CB16_2024"]
[SourceDate "2024.04.17"]
[SourceVersion "1"]
[SourceVersionDate "2024.04.17"]
[SourceQuality "1"]
[WhiteTeam "Offerspill"]
[BlackTeam "Alta"]
[WhiteTeamCountry "NOR"]
[BlackTeamCountry "NOR"]

1. d4 d5 2. c4 e6 3. Nc3 a6 4. cxd5 exd5 5. Qb3 c6 6. e4 dxe4 7. Bc4 Qe7 8. a4 Be6 9. Bxe6 fxe6 10. Nh3 Nf6 11. Bg5 a5 12. 0-0 Na6 13. Rae1 0-0-0 14. Rxe4 Nc7 15. Na2 Qd6 16. Re5 Qxd4 17. Rxa5 Rd5 18. Be3 Qd3 19. Qb6 Rxa5 20. Qxa5 Qd5 21. Qxd5 exd5 22. Ng5 Be7 23. h3 h6 24. Nf3 Ne4 25. Rc1 Bf6 26. b3 Ne6 27. Nd2 Nd6 28. Bc5 Nxc5 29. Rxc5 Re8 30. Kf1 Nf5 31. Nf3 Kd7 32. Nc1 Kd6 33. Nd3 g5 34. g4 Nd4 35. Nxd4 Bxd4 36. Rc2 c5 37. Ne1 Rf8 38. Rd2 1/2-1/2

[Event "Karlstad op"]
[Site "Karlstad"]
[Date "2023.12.27"]
[Round "2"]
[White "Skaar, Ben Samuel Groth"]
[Black "Silseth, Simon"]
[Result "0-1"]
[WhiteElo "1916"]
[BlackElo "2271"]
[PlyCount "24"]
[EventDate "2023.12.27"]
[EventType "swiss"]
[EventRounds "8"]
[EventCountry "SWE"]
[SourceTitle "CB01_2024"]
[SourceDate "2024.01.03"]
[SourceVersion "1"]
[SourceVersionDate "2024.01.03"]
[SourceQuality "1"]

1. e4 c6 2. Nc3 d5 3. Qf3 Nf6 4. e5 Nfd7 5. d4 e6 6. Qg3 c5 7. dxc5 Nxc5 8. Nf3 Nc6 9. Bb5 d4 10. Bg5 Qd7 11. 0-0-0 dxc3 12. Rxd7 cxb2+ 0-1

[Event "Wch U16"]
[Site "Montesilvano"]
[Date "2023.11.13"]
[Round "1"]
[White "Zhao, Erick"]
[Black "Skaar, Ben Samuel Groth"]
[Result "1-0"]
[WhiteElo "2340"]
[BlackElo "2034"]
[PlyCount "55"]
[EventDate "2023.11.13"]
[EventType "swiss"]
[EventRounds "11"]
[EventCountry "ITA"]
[SourceTitle "CB48_2023"]
[SourceDate "2023.11.29"]
[SourceVersion "1"]
[SourceVersionDate "2023.11.29"]
[SourceQuality "1"]

1. e4 c5 2. Nf3 Nc6 3. Bb5 g6 4. 0-0 Bg7 5. c3 e5 6. d4 cxd4 7. cxd4 exd4 8. Bf4 Nge7 9. Bd6 a6 10. Bd3 b6 11. Nbd2 Bb7 12. Re1 Nc8 13. e5 Nxd6 14. exd6+ Kf8 15. h4 Bf6 16. h5 Kg7 17. Be4 Re8 18. Bd5 Rxe1+ 19. Qxe1 h6 20. Qe4 Qf8 21. Re1 Qxd6 22. Bxf7 Ne7 23. Qxb7 Rb8 24. Ne4 Rxb7 25. Nxd6 Rb8 26. hxg6 Nxg6 27. Bb3 Ne7 28. Nxd4 1-0

[Event "Riga Tech Rapid op"]
[Site "Riga"]
[Date "2023.08.06"]
[Round "2"]
[White "Rychagov, Nikita1111"]
[Black "Skaar, Ben Samuel Groth"]
[Result "1-0"]
[WhiteElo "2201"]
[BlackElo "2132"]
[PlyCount "49"]
[EventDate "2023.08.06"]
[EventType "swiss (rapid)"]
[EventRounds "9"]
[EventCountry "LAT"]
[SourceTitle "CBM 215 Extra"]
[Source "ChessBase"]
[SourceDate "2023.09.30"]
[SourceVersion "1"]
[SourceVersionDate "2023.09.30"]
[SourceQuality "1"]

1. e4 c5 2. Nf3 Nc6 3. d4 cxd4 4. Nxd4 Nf6 5. Nc3 e5 6. Ndb5 d6 7. Bg5 a6 8. Na3 b5 9. Nd5 Be7 10. Bxf6 Bxf6 11. c3 0-0 12. Nc2 Rb8 13. a4 bxa4 14. Ncb4 Nxb4 15. cxb4 Bd7 16. Bxa6 Bc6 17. Rxa4 Bxd5 18. Qxd5 Qd7 19. b5 Bd8 20. 0-0 Bb6 21. Rc4 Bd4 22. Rc6 Rb6 23. Rc2 g6 24. Rfc1 Bc5 25. Rxc5 1-0

[Event "NOR-chB"]
[Site "Oslo"]
[Date "2023.07.02"]
[Round "2"]
[White "Wernberg, Nikolai Olsen"]
[Black "Skaar, Ben Samuel Groth"]
[Result "1/2-1/2"]
[WhiteElo "1685"]
[BlackElo "2161"]
[PlyCount "110"]
[EventDate "2023.06.30"]
[EventType "swiss"]
[EventRounds "9"]
[EventCountry "NOR"]
[SourceTitle "EXT 2024"]
[Source "ChessBase"]
[SourceDate "2023.10.10"]
[SourceVersion "1"]
[SourceVersionDate "2023.10.10"]
[SourceQuality "1"]

1. Nf3 e6 2. c4 d5 3. e3 Nf6 4. Nc3 Be7 5. d4 c6 6. Bd3 0-0 7. 0-0 dxc4 8. Bxc4 b5 9. Bd3 Nbd7 10. e4 b4 11. Ne2 h6 12. e5 Nd5 13. Bc2 Re8 14. Qd3 Nf8 15. Ba4 Qb6 16. Bd2 Rd8 17. Rac1 Ba6 18. Qe4 Rac8 19. Rfd1 c5 20. dxc5 Bxc5 21. Be1 Bb7 22. Qb1 Ne7 23. Bc2 Rxd1 24. Rxd1 Bxf3 25. gxf3 Qc7 26. f4 Bxf2+ 27. Kxf2 Qxc2 28. Qxc2 Rxc2 29. Rd2 Rxd2 30. Bxd2 a5 31. a3 bxa3 32. bxa3 Nc6 33. Ke3 Nd7 34. Nd4 Ndb8 35. Nb3 Kf8 36. Nxa5 Nxa5 37. Bxa5 Ke7 38. Bb4+ Ke8 39. Kd4 Nd7 40. a4 Kd8 41. Kc4 Kc7 42. Kb5 g5 43. Bd6+ Kb7 44. fxg5 hxg5 45. a5 f6 46. Be7 Nxe5 47. Bxf6 Nf3 48. Kc5 g4 49. Kd6 Nxh2 50. Kxe6 Nf3 51. Bd8 Nd4+ 52. Kd5 g3 53. Bh4 g2 54. Bf2 g1N 55. Bxg1 Ka8 1/2-1/2

[Event "Kragero op"]
[Site "Kragero"]
[Date "2023.02.25"]
[Round "8"]
[White "Apol, Luitjen Akselsson"]
[Black "Skaar, Ben Samuel Groth"]
[Result "0-1"]
[WhiteElo "2161"]
[BlackElo "1956"]
[PlyCount "80"]
[EventDate "2023.02.22"]
[EventType "swiss"]
[EventRounds "9"]
[EventCountry "NOR"]
[SourceTitle "CBM 212 Extra"]
[Source "ChessBase"]
[SourceDate "2023.03.31"]
[SourceVersion "1"]
[SourceVersionDate "2023.03.31"]
[SourceQuality "1"]

1. e4 c5 2. Nf3 Nc6 3. d4 cxd4 4. Nxd4 Nf6 5. Nc3 e5 6. Ndb5 d6 7. Bg5 a6 8. Na3 b5 9. Nd5 Be7 10. Bxf6 Bxf6 11. c4 b4 12. Nc2 0-0 13. g3 a5 14. Bg2 g6 15. 0-0 Bg7 16. b3 Be6 17. Qe2 Bxd5 18. cxd5 Na7 19. Ne3 Bh6 20. Nc4 Nb5 21. Qd3 Nd4 22. f4 Bg7 23. Rae1 Qc7 24. Kh1 a4 25. Rc1 Qd8 26. Nd2 axb3 27. axb3 Ra3 28. Rc4 Qb6 29. Rb1 Rfa8 30. Nf3 Rxb3 31. Rxb3 Nxb3 32. h3 Nc5 33. Qd2 Rb8 34. fxe5 b3 35. Qb2 Nd3 36. Qb1 Nxe5 37. Rc3 Nxf3 38. Rxf3 b2 39. Rf1 Ra8 40. Qc2 Ra1 0-1

[Event "Kragero op"]
[Site "Kragero"]
[Date "2023.02.24"]
[Round "6"]
[White "Melaa, Sondre Lillestol"]
[Black "Skaar, Ben Samuel Groth"]
[Result "1/2-1/2"]
[WhiteElo "2249"]
[BlackElo "1956"]
[PlyCount "123"]
[EventDate "2023.02.22"]
[EventType "swiss"]
[EventRounds "9"]
[EventCountry "NOR"]
[SourceTitle "CBM 212 Extra"]
[Source "ChessBase"]
[SourceDate "2023.03.31"]
[SourceVersion "1"]
[SourceVersionDate "2023.03.31"]
[SourceQuality "1"]

1. d4 Nf6 2. Bf4 c6 3. e3 Qb6 4. Qc1 Nh5 5. Bg3 Nxg3 6. hxg3 g6 7. Nf3 Bg7 8. Be2 c5 9. c3 d5 10. Nbd2 Nc6 11. 0-0 Bg4 12. Nb3 c4 13. Nbd2 f5 14. b3 cxb3 15. axb3 0-0 16. Re1 Rfc8 17. Bf1 e5 18. Qa3 Bxf3 19. Nxf3 Re8 20. dxe5 Nxe5 21. Nd4 a6 22. Qa5 Qxa5 23. Rxa5 Rad8 24. Rd1 Rd7 25. Ne2 Red8 26. Nf4 Nc6 27. Raxd5 Rxd5 28. Nxd5 Kf7 29. Be2 Ne7 30. Bf3 Nxd5 31. Bxd5+ Ke7 32. c4 a5 33. Rd2 Bc3 34. Rd3 Bb4 35. Kf1 b6 36. Ke2 Kf6 37. Rd1 h6 38. Kf3 h5 39. Ke2 Bc5 40. Rd3 Bb4 41. f4 Bc5 42. Kf3 Rd6 43. e4 fxe4+ 44. Kxe4 Rd7 45. Kf3 Rd8 46. Rd2 Rd7 47. Rd1 Bb4 48. Rd4 Bc5 49. Rd3 Rd8 50. Rd1 Bb4 51. g4 hxg4+ 52. Kxg4 Re8 53. Kf3 Re1 54. Rd3 Rf1+ 55. Kg4 Bc5 56. Bc6 Re1 57. Rd7 Re7 58. Rd8 Re3 59. Ba4 Rc3 60. Rd2 Re3 61. Rd8 Rc3 62. Rd2 1/2-1/2

[Event "Kragero op"]
[Site "Kragero"]
[Date "2023.02.22"]
[Round "1"]
[White "Skaar, Ben Samuel Groth"]
[Black "Rakhmangulova, Anastasiya"]
[Result "0-1"]
[WhiteElo "1956"]
[BlackElo "2275"]
[PlyCount "64"]
[EventDate "2023.02.22"]
[EventType "swiss"]
[EventRounds "9"]
[EventCountry "NOR"]
[SourceTitle "CBM 212 Extra"]
[Source "ChessBase"]
[SourceDate "2023.03.31"]
[SourceVersion "1"]
[SourceVersionDate "2023.03.31"]
[SourceQuality "1"]

1. e4 c5 2. f4 d5 3. exd5 Qxd5 4. Nc3 Qd8 5. Bc4 Nf6 6. Nf3 e6 7. d3 Nc6 8. 0-0 Be7 9. Kh1 a6 10. a4 b6 11. Ne5 Bb7 12. Qe1 Nd4 13. Qf2 0-0 14. Be3 Nf5 15. Bd2 Nh5 16. Ne4 Bxe4 17. dxe4 Bh4 18. Qf3 Nhg3+ 19. hxg3 Nxg3+ 20. Kg1 Nxf1 21. Bc3 Nd2 22. Qg4 h5 23. Qxh5 Nxe4 24. Bd3 Bf2+ 25. Kh2 Nf6 26. Qh3 Bd4 27. Rh1 g6 28. g4 Kg7 29. Kg3 Rh8 30. Qg2 Bxc3 31. bxc3 Qd5 32. Nf3 c4 0-1

[Event "Nordic-ch"]
[Site "Sarpsborg"]
[Date "2019.06.26"]
[Round "8"]
[White "Skaar, Ben Samuel Groth"]
[Black "Kristiansen, Terje"]
[Result "1-0"]
[WhiteElo "1362"]
[BlackElo "1330"]
[PlyCount "29"]
[EventDate "2019.06.21"]
[EventType "swiss"]
[EventRounds "9"]
[EventCountry "NOR"]
[SourceTitle "CBM 191 Extra"]
[Source "ChessBase"]
[SourceDate "2019.09.30"]
[SourceVersion "1"]
[SourceVersionDate "2019.09.30"]
[SourceQuality "1"]

1. e4 c5 2. Nf3 Nc6 3. Bb5 g6 4. 0-0 Bg7 5. Re1 e6 6. c3 Nge7 7. Bxc6 Nxc6 8. d4 cxd4 9. cxd4 d5 10. exd5 Qxd5 11. Nc3 Qd6 12. Nb5 Qb8 13. d5 Ne5 14. Nxe5 Bxe5 15. d6 1-0

[Event "Nordic-ch"]
[Site "Sarpsborg"]
[Date "2019.06.21"]
[Round "1"]
[White "Ptacnikova, Lenka"]
[Black "Skaar, Ben Samuel Groth"]
[Result "1-0"]
[WhiteElo "2145"]
[BlackElo "1362"]
[PlyCount "59"]
[EventDate "2019.06.21"]
[EventType "swiss"]
[EventRounds "9"]
[EventCountry "NOR"]
[SourceTitle "CBM 191 Extra"]
[Source "ChessBase"]
[SourceDate "2019.09.30"]
[SourceVersion "1"]
[SourceVersionDate "2019.09.30"]
[SourceQuality "1"]

1. c4 c5 2. g3 g6 3. Bg2 Bg7 4. Nc3 Nf6 5. Nh3 Nc6 6. Nf4 e6 7. h4 h5 8. d3 b6 9. Bd2 Bb7 10. a3 Qc7 11. b4 cxb4 12. axb4 Nd4 13. e4 0-0 14. 0-0 Rfd8 15. Re1 e5 16. Nfe2 Ne6 17. Ra2 a5 18. Nb5 Qb8 19. bxa5 Bc6 20. Qb1 Bxb5 21. cxb5 bxa5 22. Rxa5 Rxa5 23. Bxa5 Rc8 24. b6 Nd8 25. Qb5 Nb7 26. Bb4 d6 27. Nc3 Bh6 28. Rd1 Nc5 29. Bh3 Ng4 30. Nd5 1-0